Sports Quiz

Random Sports Quiz

Leafs Goalies (99/00 to 09/10) Quiz Stats

 Plays Quiz not verified by Sporcle

Also try: First NASCAR Wins
Challenge
Share
Tweet
Embed
Score 0/17 Timer 05:00
0 Plays Today
Goalie Name % Correct
Curtis Joseph
94.7%
Vesa Toskala
91.6%
Ed Belfour
91.6%
Jonas Gustavsson
82.1%
Jean-Sebastien Giguere
80%
Andrew Raycroft
76.8%
Justin Pogge
54.7%
Jean-Sebastien Aubin
45.3%
Glenn Healy
45.3%
Goalie Name % Correct
Joey MacDonald
42.1%
Martin Gerber
41.1%
Trevor Kidd
41.1%
Mikael Tellqvist
40%
Corey Schwab
38.9%
Scott Clemmensen
33.7%
Tom Barrasso
30.5%
Sebastien Centomo
25.3%

You're not logged in!

Compare scores with friends on all Sporcle quizzes.
OR
Log In

You Might Also Like...

Show Comments

Extras

Top Quizzes Today


Score Distribution

Your Account Isn't Verified!

In order to create a playlist on Sporcle, you need to verify the email address you used during registration. Go to your Sporcle Settings to finish the process.

Report this User

Report this user for behavior that violates our Community Guidelines.

Details: